Missing Word: 1940s TV Shows A-Z Quiz Stats

 Plays Quiz Updated Mar 14, 2018

Challenge
Share
Tweet
Embed
Score 0/24 Timer 03:00
0 Plays Today
Show Word % Correct
The ____ RangerLone
98.2%
Ripley's _______ It or Not!Believe
97.6%
Face to ____Face
97.5%
Tom and _____Jerry
95.2%
Stop Me __ You've Heard This OneIf
94.6%
______ CameraCandid
94.2%
Saturday _____ JamboreeNight
93.9%
The Ed ________ ShowSullivan
93.3%
Howdy _____Doody
92.9%
Musical _____-Go-RoundMerry
90.9%
Martin Kane, Private ___Eye
89.6%
Twenty _________Questions
86%
Show Word % Correct
Stained Glass _______Windows
73%
The Adventures of ___ DokyOky
71.7%
____ Cole's Birthday PartyKing
66.9%
The Life of _____Riley
64.9%
________ CassidyHopalong
57.1%
____ the GamePlay
54.5%
The Original _______ HourAmateur
37%
Know Your New ____York
28.7%
Leave It to the _____Girls
16.1%
Kraft __________ TheatreTelevision
12.7%
Captain _____ and His _____ RangersVideo
11.1%
______ JubileeUptown
6.3%

Today's Daily Dose

Word Ladder
Anchorman

Get the Picture
'Head' Bands

You're not logged in!

Compare scores with friends on all Sporcle quizzes.
OR
Log In

You Might Also Like...

Show Comments

Extras

Top Quizzes Today


Score Distribution

Your Account Isn't Verified!

In order to create a playlist on Sporcle, you need to verify the email address you used during registration. Go to your Sporcle Settings to finish the process.

Report this User

Report this user for behavior that violates our Community Guidelines.

Details: